000 00679nam a2200205 a 4500
003 0
005 20250219075548.0
008 110621s19uu xx 00 eng d
050 _aPHS GV 481
_b.Y59 2011
100 _aYoo, Dah Ae.
245 _aPhysical exercise and self esteem /
_cYoo Dah Ae.
260 _aLas PiƱas City, Philippines :
_bSouthville International School and Colleges,
_c2011.
300 _a26 pages :
_billustrations ;
_c28 cm.
504 _aIncludes bibliographical references.
650 _aPhysical Exercise.
650 _aSelf Esteem
650 _aExercise
_xPsychological aspects.
650 _aSelf-esteem
_vPsychological aspects.
942 _2lcc
_cPASS
999 _c98593
_d98593